Normal view MARC view
  • Pavements, Concrete

Entry Topical Term

Number of records used in: 1

001 - CONTROL NUMBER

  • control field: 21775

003 - CONTROL NUMBER IDENTIFIER

  • control field: NUST

005 - DATE AND TIME OF LATEST TRANSACTION

  • control field: 20190927145357.0

008 - FIXED-LENGTH DATA ELEMENTS

  • fixed length control field: 190927|| aca||aabn | a|a d

040 ## - CATALOGING SOURCE

  • Original cataloging agency: NUST
  • Transcribing agency: NUST

150 ## - HEADING--TOPICAL TERM

  • Topical term or geographic name entry element: Pavements, Concrete
  • General subdivision: Recycling.

670 ## - SOURCE DATA FOUND

  • Source citation: Work cat.: (NUST)0: Yrjanson, W. A. (William A.) 21773, Recycling of Portland cement concrete pavements /, [1989]
© 2023 Central Library, National University of Sciences and Technology. All Rights Reserved.